000 00486nam a22001697a 4500
005 20180206123204.0
008 160428b xxu||||| |||| 00| 0 eng d
020 _aISBN 81-7656238-6
041 _aeng
082 _b00452
_a005.36
100 _aJain, Madhulika and others
_94099
245 _a"O"-Level Made Simple Module-II :personal computer software (Vol-2)
260 _aNew Delhi
_bBPB Publishing,
_c2002
300 _a390+78
650 _aInformation Technology
_9137
942 _cBK
999 _c139
_d139